Regionálna politika Európskej únie

Regionálna politika EÚ - nástroje, cieľové oblasti, zásady štruktúrno-politickej akcie, finančné prostriedky, praktická realizácia. Výsledky regionálnej politiky EÚ. Perspektívne rozšírenie EÚ do stredovýchodnej Európy - problémy s tým súvisiace.

Salvato in:
Dettagli Bibliografici
Natura: Capitolo di libro
Lingua:slovacco
Soggetti:
Tags: Aggiungi Tag
Nessun Tag, puoi essere il primo ad aggiungerne!!

MARC

LEADER 00000naa a2200000 4500
001 r019437
005 20221205103106.8
041 0 |a slo 
044 |a SK 
245 1 0 |a Regionálna politika Európskej únie 
520 |a Regionálna politika EÚ - nástroje, cieľové oblasti, zásady štruktúrno-politickej akcie, finančné prostriedky, praktická realizácia. Výsledky regionálnej politiky EÚ. Perspektívne rozšírenie EÚ do stredovýchodnej Európy - problémy s tým súvisiace. 
610 2 0 |a politika regionálna 
610 2 0 |a nástroje finančné 
610 2 0 |a Európska únia 
610 2 0 |a stredná Európa 
610 2 0 |a východná Európa